| 000 | 00377nab a22001337a 4500 | ||
|---|---|---|---|
| 001 | T027600012633-04 | ||
| 008 | 190830b xxu||||| |||| 00| 0 esp | | ||
| 040 |
_aFEVP _cFEVP |
||
| 100 | _aPineda S., José G. | ||
| 245 | _aEducación y crecimiento económico: un enfoque multidimensional. | ||
| 300 | _app. 121-161 | ||
| 650 | _aCiudad y Tecnología-- Rio de Janeiro | ||
| 942 | _cANL | ||
| 999 |
_c17881 _d17881 |
||